|
|
|
|
| LEADER |
00598nam a2200169 4500 |
| 005 |
20200810153851.0 |
| 008 |
720419s1972 nyu b 001 0 eng |
| 082 |
0 |
0 |
|a 530.1/43
|b HAR
|
| 100 |
1 |
|
|a Harris, Edward G.
|9 1430
|
| 245 |
1 |
2 |
|a A pedestrian approach to quantum field theory
|c [by] Edward G. Harris.
|
| 300 |
|
|
|a xii, 167 p.
|c 23 cm.
|
| 653 |
|
|
|a Quantum field theory
|
| 942 |
|
|
|c BK
|6 _
|
| 260 |
|
|
|a New York,
|b Wiley-Interscience
|c [1972]
|
| 020 |
|
|
|a 0471353205
|
| 999 |
|
|
|c 214107
|d 214107
|
| 952 |
|
|
|0 0
|1 0
|2 ddc
|4 0
|6 530143_HAR
|7 0
|9 273064
|a PHY
|b PHY
|d 2010-03-18
|o 530.1/43 HAR
|p phy003980
|r 2018-05-17
|w 2018-05-17
|y BK
|